| 000 | 00826na a2200265 4500 | ||
|---|---|---|---|
| 001 | 15575 | ||
| 003 | MIRAKIL | ||
| 005 | 20181213155117.0 | ||
| 008 | 160917b tu 000 0 | ||
| 020 | _a9781844267482 | ||
| 035 | _a15575 | ||
| 040 |
_aMilas _btur _cTR-AnCHP |
||
| 041 | _aeng | ||
| 082 |
_a327.56104 _bS25h [2010] |
||
| 090 | _a327.56104 S25h [2010] | ||
| 100 | _aSanverdi, Ahmet | ||
| 245 |
_aHuman rights and democracy in international relations _bTurkey and the EC 1980-1990 _cAhmet Sanverdi |
||
| 246 | _aTurkey and the EC 1980-1990 | ||
| 260 |
_aLondra _b[yayl.y.] _c[2010] |
||
| 300 |
_a168 s. _c21 sm. |
||
| 504 | _aKaynakça var | ||
| 651 |
_aTürkiye _xDış ilişkiler _yAvrupa Birliği _zİnsan hakları |
||
| 651 |
_aTürkiye _xDış ilişkiler _yAvrupa Birliği _zDemokrasi |
||
| 942 |
_2ddc _cBKS |
||
| 999 |
_c6742 _d6742 |
||